000 00500pab a2200181 454500
008 180718b2009 xxu||||| |||| 00| 0 eng d
100 _aBreda-Vazquez, Isabel
245 _aPartnership diversity and governance culture: evidence from urban regeneration policies in Portugal
260 _c2009
300 _ap.2213-238.
362 _aSep
650 _aUrban development
700 _aFernandes, Ruben
700 _aConceicao, Paulo
773 _aUrban Studies
908 _aN
909 _a84461
999 _c84461
_d84461